Prehistoria / (Record no. 10690)

000 -CABECERA
fixed length control field 00834nam a22002297a 4500
003 - IDENTIFICADOR DEL NÚMERO DE CONTROL
control field AR-CdUCM
008 - DATOS DE LONGITUD FIJA--INFORMACIÓN GENERAL
fixed length control field 190401b ||||| |||| 00| 0 spa d
040 ## - FUENTE DE LA CATALOGACIÓN
Agencia/entidad que catalogó originalmente la obra MUNICIPALIDAD PROVINCIAL DEL CUSCO
Entidad que transcribió la catalogación BIBLIOTECA MUNICIPAL DEL CUSCO
082 ## - NÚMERO DE LA CLASIFICACIÓN DECIMAL DEWEY
No. de la edición 2ed.
No. de Clasificación 571 /
Notacion interna H65 / 1931
100 ## - ENTRADA PRINCIPAL--NOMBRE DE PERSONA
Nombre Personal Hoernes, Moritz
245 ## - MENCIÓN DE TÍTULO
Título Prehistoria /
260 ## - PUBLICACIÓN, DISTRIBUCIÓN, ETC.
Lugar de publicación, distribución, etc. Barcelona :
Nombre de la editorial, distribuidor, etc. Labor,
Fecha de publicación, distribución, etc. 1931.
300 ## - DESCRIPCIÓN FÍSICA
Nº de Páginas Extensión 184 - XVI páginas ;
Otros detalles físicos Ilustraciones,
Dimensiones 18.5 cm.
440 ## - MENCIÓN DE SERIE/PUNTO DE ACCESO ADICIONAL--TÍTULO
Título Ciencias históricas ;
Número de la parte/sección de una obra 115
9 (RLIN) 27672
505 ## - NOTA DE CONTENIDO CON FORMATO
Nota de contenido formateada Contenido: t.3. La edad del hierro -- La época de Hallstatt -- La época de la Téne -- La introducción del hierro en las otras partes del mundo.
650 ## - PUNTO DE ACCESO ADICIONAL DE MATERIA--TÉRMINO DE MATERIA
Descriptor Prehistoria
9 (RLIN) 685
650 ## - PUNTO DE ACCESO ADICIONAL DE MATERIA--TÉRMINO DE MATERIA
Descriptor Arqueología
9 (RLIN) 371
700 ## - PUNTO DE ACCESO ADICIONAL--NOMBRE DE PERSONA
Nombre Personal Castillo, Antonio Del (traductor)
9 (RLIN) 27673
942 ## - ELEMENTOS DE PUNTO DE ACCESO ADICIONAL (KOHA)
Fuente de clasificación
Tipo de item Libros-BMC
945 ## - PROCESAMIENTO DE INFORMACIÓN LOCAL (OCLC)
Catalogador acv
Holdings
Estado de retiro (separado) Fuente de clasificación o esquema de estanterías Estado dañado Ubicación Sala donde se ubica Nombre de la colección Fecha de adquisición o compra Costo, precio normal en soles Signatura topográfica Código de Barras Última vez visto (Koha) Tipo de ítem (Koha)
No     Sala Cusco Antiguo Sala Cusco Antiguo Book Cart 2019-04-01 30.00 571 / H65 / t.3 / 1931 SCA0000959 2019-04-01 Libros-BMC

Powered by Koha